000 00862nam a2200301Ia 4500
001 9957
003 IT-RoPAU
008 130308s9999 xx 000 0 und d
040 _aIT-RoPAU
040 _cIT-RoPAU
041 _aITALIANO
100 _aCaprioli Franco
100 _gCodice Aut. SPICS: 8469
245 _aRussia degli Zar (La)
245 _bMichele Strogoff-Il Corriere Dello Zar
250 _a3a ed.
260 _aMILANO
260 _bEp/Gruppo Periodici
260 _c1977 [1° Ed.:1974 - Ed.Ling.Originale:1974]
300 _a"4 p. (prefazione: no ; testo: 4 [pagine: 9-12])"
500 _aStoria Russa Origini Pietroil Grande e Caterina mezzi di Trasporto Tartariletteratura Russa
650 _aAUTORI/OPERE DI FUMETTO
650 _eCodice materia Spics: 6707
942 _cBK
957 _71
999 _c50430
_d50430
999 _bSI
999 _g1